Top Scorer of Every Premier League Team - 2025/26 - Statistics

General Stats
  • This quiz has been taken 18 times
  • The average score is 17 of 20
Answer Stats
Team Answer Goals Country % Correct
Manchester United Benjamin Sesko / Bryan Mbeumo 11 Slovenia / Cameroon
100%
Manchester City Erling Haaland 27 Norway
100%
Aston Villa Ollie Watkins 16 England
100%
Arsenal Viktor Gyökeres 14 Sweden
100%
Liverpool Hugo Ekitiké 11 France
94%
Newcastle United Bruno Guimarães 9 Brazil
88%
Brighton & Hove Albion Danny Welbeck 13 England
88%
Brentford Igor Thiago 22 Brazil
88%
West Ham United Jarrod Bowen 9 England
88%
Crystal Palace Jean-Philippe Mateta 12 France
88%
Chelsea João Pedro 15 Brazil
88%
Nottingham Forest Morgan Gibbs-White 15 England
88%
Tottenham Hotspur Richarlison 11 Brazil
88%
Leeds United Dominic Calvert-Lewin 14 England
82%
Everton Beto 9 Guinea-Bissau
76%
AFC Bournemouth Junior Kroupi 13 France
76%
Sunderland Brian Brobbey 7 Netherlands
71%
Fulham Harry Wilson 10 Wales
71%
Wolverhampton Wanderers Mateus Mané / Tolu Arokodare / Rodrigo Gomes / Santiago Bueno 3 Portugal / Nigeria / Uruguay
71%
Burnley Zian Flemming 11 Netherlands
71%
No matching quizzes found
Score Distribution
Percent of People with Each Score
Percentile by Number Answered
Your Score History
You have not taken this quiz